000 00384nam a2200133Ia 4500
008 240624s9999 xx 000 0 und d
041 _aeng
082 _a658.452 JAM
100 _aCAPLIN JAMES
245 _aI HATE PRESENTATIONS TRANSFORM THE WAY Y
260 _c2008
_apresent with a fresh and powerful approach UK
_bCapstone
300 _avii, : 206 : p. : cm. ; 21
365 _c
_b30
999 _c11936
_d11936